<?xml version="1.0" encoding="UTF-8"?>
<record
    xmlns:xsi="http://www.w3.org/2001/XMLSchema-instance"
    xsi:schemaLocation="http://www.loc.gov/MARC21/slim http://www.loc.gov/standards/marcxml/schema/MARC21slim.xsd"
    xmlns="http://www.loc.gov/MARC21/slim">

  <leader>01502    a2200217   4500</leader>
  <controlfield tag="001">61954</controlfield>
  <controlfield tag="005">20260407155912.0</controlfield>
  <controlfield tag="008">260407a2006    arg                 spa d</controlfield>
  <controlfield tag="003">AR-UNSa-BCEJYS</controlfield>
  <datafield tag="040" ind1=" " ind2=" ">
    <subfield code="a">AR-UNSa-BCEJYS</subfield>
    <subfield code="b">spa</subfield>
    <subfield code="c">AR-UNSa-BCEJYS</subfield>
  </datafield>
  <datafield tag="080" ind1=" " ind2=" ">
    <subfield code="a">347.77</subfield>
    <subfield code="x">Propiedad industrial, comercial y cient&#xED;fica. Derecho sobre patentes y marcas. Registro de modelos, planos, marcas y nombres comerciales</subfield>
  </datafield>
  <datafield tag="245" ind1="1" ind2="0">
    <subfield code="a">Propiedad intelectual y salud p&#xFA;blica</subfield>
  </datafield>
  <datafield tag="020" ind1=" " ind2=" ">
    <subfield code="a">978-987-03-0840-9</subfield>
  </datafield>
  <datafield tag="264" ind1=" " ind2="1">
    <subfield code="a">Buenos Aires :</subfield>
    <subfield code="b">Universidad de Buenos Aires. Facultad de Derecho</subfield>
    <subfield code="c">2006</subfield>
  </datafield>
  <datafield tag="300" ind1=" " ind2=" ">
    <subfield code="a">xiii, 272 p.</subfield>
    <subfield code="c">24 cm.</subfield>
  </datafield>
  <datafield tag="505" ind1=" " ind2=" ">
    <subfield code="a">1. Internacionalizaci&#xF3;n del sistema de patentes y nuevas tecnolog&#xED;as - 2. Medidas pro-competitivas en el marco del Acuerdo sobre los ADPIC &#x2013; 3. Repercusiones   de la Declaraci&#xF3;n de Doha relativa al Acuerdo sobre los ADPIC y la Salud P&#xFA;blica &#x2013; 4. Integraci&#xF3;n de la salud p&#xFA;blica en la legislaci&#xF3;n sobre patentes de los pa&#xED;ses en desarrollo &#x2013; 5. Patentamiento de la segunda indicaci&#xF3;n farmac&#xE9;utica &#x2013; 6. Protecci&#xF3;n de los datos presentados para el registro de productos farmac&#xE9;uticos &#x2013; 7. La protecci&#xF3;n de la propiedad intelectual y la salud p&#xFA;blica en el Tratado de Comercio Chile- Estados Unidos &#x2013; 8. Bilateralismo en la propiedad intelectual y el acceso a medicamentos &#x2013; 9. Protecci&#xF3;n de los sistemas de medicina tradicional</subfield>
  </datafield>
  <datafield tag="041" ind1=" " ind2=" ">
    <subfield code="a">spa</subfield>
  </datafield>
  <datafield tag="942" ind1=" " ind2=" ">
    <subfield code="c">BK</subfield>
  </datafield>
  <datafield tag="590" ind1=" " ind2=" ">
    <subfield code="a">niveau_biblio:m niveau_hierar:0</subfield>
  </datafield>
  <datafield tag="100" ind1="1" ind2=" ">
    <subfield code="a">Correa, Carlos Mar&#xED;a</subfield>
  </datafield>
  <datafield tag="999" ind1=" " ind2=" ">
    <subfield code="c">7494</subfield>
    <subfield code="d">7494</subfield>
  </datafield>
  <datafield tag="952" ind1=" " ind2=" ">
    <subfield code="0">0</subfield>
    <subfield code="1">0</subfield>
    <subfield code="4">0</subfield>
    <subfield code="7">0</subfield>
    <subfield code="a">BCEJYS</subfield>
    <subfield code="b">BCEJYS</subfield>
    <subfield code="c">16</subfield>
    <subfield code="d">2026-04-07</subfield>
    <subfield code="l">0</subfield>
    <subfield code="o">347.77 C824p</subfield>
    <subfield code="p">L116228</subfield>
    <subfield code="r">2026-04-07 15:59:12</subfield>
    <subfield code="w">2026-04-07</subfield>
    <subfield code="y">L</subfield>
  </datafield>
</record>
